[Event "Dortmund Sparkassen op-A"]
[Site "Dortmund"]
[Date "2012.07.21"]
[Round "8"]
[White "Schnelle, Lukas"]
[Black "Schuelke, Tilman"]
[Result "1-0"]
[WhiteElo "2054"]
[BlackElo "2007"]
[PlyCount "69"]
[EventDate "2012.07.14"]
[EventType "swiss"]
[EventRounds "9"]
[EventCountry "GER"]
[SourceTitle "CBM 149 Extra"]
[Source "ChessBase"]
[SourceDate "2012.08.24"]
[SourceVersion "1"]
[SourceVersionDate "2012.08.24"]
[SourceQuality "1"]

1. e4 d6 2. d4 Nf6 3. Nc3 g6 4. f3 c6 5. Be3 b5 6. Qd2 Nbd7 7. g4 Nb6 8. Bd3 a6 9. g5 Nfd7 10. f4 c5 11. Nf3 Bg7 12. f5 cxd4 13. Bxd4 Bxd4 14. Nxd4 Ne5 15. 0-0-0 Bd7 16. h4 Qc7 17. h5 0-0-0 18. a4 Qc5 19. Nb3 Qb4 20. Qf2 Nxa4 21. Nd5 Nxd3+ 22. Rxd3 Qxe4 23. Re1 Qxd3 24. cxd3 e6 25. Nb6+ Kc7 26. Nxa4 bxa4 27. Qa7+ Kc6 28. Qxa6+ Kc7 29. Kd2 Rb8 30. Qa7+ Rb7 31. Rc1+ Bc6 32. Rxc6+ Kxc6 33. Na5+ Kd5 34. Qxb7+ Ke5 35. Qe4# 1-0

[Event "Rheinhausen-ch"]
[Site "Rheinhausen"]
[Date "2011.01.21"]
[Round "2"]
[White "Westendorp, Christian"]
[Black "Schnelle, Lukas"]
[Result "0-1"]
[WhiteElo "1632"]
[BlackElo "1934"]
[PlyCount "70"]
[EventDate "2011.01.07"]
[EventType "swiss"]
[EventRounds "7"]
[EventCountry "GER"]
[SourceTitle "EXT 2015"]
[Source "ChessBase"]
[SourceDate "2014.11.20"]
[SourceVersion "1"]
[SourceVersionDate "2014.11.20"]
[SourceQuality "1"]

1. d4 d5 2. e3 Nf6 3. c4 c6 4. Nc3 e6 5. Nf3 a6 6. Bd3 dxc4 7. Bxc4 b5 8. Bd3 Bb7 9. 0-0 c5 10. b3 Nbd7 11. Bb2 Be7 12. Qe2 0-0 13. a4 b4 14. Nb1 cxd4 15. Nxd4 Nc5 16. Bc4 Qb6 17. a5 Qc7 18. Nd2 Rfd8 19. Rfc1 Qd7 20. N2f3 Rac8 21. Rd1 Qc7 22. Rdc1 Nd5 23. Nd2 Bd6 24. g3 Rd7 25. Bxd5 Bxd5 26. e4 Ba8 27. Qg4 Bf8 28. Rc4 Qb7 29. Rac1 Rdc7 30. f3 Nd3 31. R1c2 Rxc4 32. Nxc4 Nxb2 33. Rxb2 Bc5 34. Rd2 Rd8 35. e5 Qd5 0-1

[Event "Rheinhausen-ch 14th"]
[Site "Duisburg Rheinhausen"]
[Date "2010.01.22"]
[Round "2"]
[White "Ayad, Amin"]
[Black "Schnelle, Lukas"]
[Result "0-1"]
[WhiteElo "1698"]
[BlackElo "1958"]
[PlyCount "60"]
[EventDate "2010.01.08"]
[EventType "swiss"]
[EventRounds "7"]
[EventCountry "GER"]
[SourceTitle "EXT 2018"]
[Source "ChessBase"]
[SourceDate "2017.10.13"]
[SourceVersion "1"]
[SourceVersionDate "2017.10.13"]
[SourceQuality "1"]

1. c4 c6 2. d4 d5 3. Nf3 Nf6 4. Nc3 e6 5. e3 a6 6. Bd2 Nbd7 7. Qc2 Bd6 8. Bd3 dxc4 9. Bxc4 b5 10. Be2 Bb7 11. a4 0-0 12. 0-0 Rc8 13. Ne4 Nxe4 14. Qxe4 Qb6 15. Qh4 Rfe8 16. Rfd1 Be7 17. Qf4 Bf6 18. e4 e5 19. dxe5 Nxe5 20. Be3 Qc7 21. Rac1 Nxf3+ 22. Bxf3 Bxb2 23. Rc2 Be5 24. Qh4 Rcd8 25. axb5 Rxd1+ 26. Bxd1 axb5 27. Be2 Qa5 28. Rd2 b4 29. f3 b3 30. Qe1 Bc3 0-1

[Event "NRW-ch U16"]
[Site "Kranenburg"]
[Date "2009.04.15"]
[Round "4"]
[White "Stukenbrok, Nils"]
[Black "Schnelle, Lukas"]
[Result "1-0"]
[WhiteElo "1808"]
[BlackElo "1997"]
[PlyCount "34"]
[EventDate "2009.04.13"]
[EventType "swiss"]
[EventRounds "7"]
[EventCountry "GER"]
[SourceTitle "EXT 2010"]
[Source "ChessBase"]
[SourceDate "2010.11.25"]
[SourceVersion "1"]
[SourceVersionDate "2010.11.25"]
[SourceQuality "1"]

1. d4 d5 2. c4 Nc6 3. Nf3 Bg4 4. cxd5 Bxf3 5. gxf3 Qxd5 6. e3 e5 7. Nc3 Bb4 8. Bd2 Bxc3 9. bxc3 Qd6 10. Rb1 Rb8 11. f4 exf4 12. e4 Nge7 13. Qf3 Ng6 14. e5 Qa3 15. Rxb7 Nge7 16. Bb5 Kd7 17. Bxc6+ Nxc6 1-0

[Event "NRW-ch U16"]
[Site "Kranenburg"]
[Date "2009.04.13"]
[Round "1"]
[White "Schnelle, Lukas"]
[Black "Riederer, Martin"]
[Result "1-0"]
[WhiteElo "1997"]
[BlackElo "1714"]
[PlyCount "123"]
[EventDate "2009.04.13"]
[EventType "swiss"]
[EventRounds "7"]
[EventCountry "GER"]
[SourceTitle "EXT 2010"]
[Source "ChessBase"]
[SourceDate "2010.11.25"]
[SourceVersion "1"]
[SourceVersionDate "2010.11.25"]
[SourceQuality "1"]

1. e4 e6 2. Nf3 d5 3. e5 c5 4. b4 cxb4 5. a3 Nc6 6. axb4 Bxb4 7. c3 Bf8 8. d4 g6 9. Bd3 Bg7 10. Nbd2 f6 11. exf6 Qxf6 12. 0-0 Nge7 13. Ba3 0-0 14. Qe2 Re8 15. Rfe1 Nf5 16. Ne5 Nxe5 17. dxe5 Qf7 18. Nf3 h6 19. Qc2 g5 20. g4 Ne7 21. Re3 Qf4 22. h3 Nc6 23. Bd6 Bf8 24. Bh7+ Kh8 25. Qg6 Bxd6 26. Qxe8+ Qf8 27. Qxf8+ Bxf8 28. Bc2 Bc5 29. Ree1 Bd7 30. Kg2 Kg7 31. Rad1 Ne7 32. h4 gxh4 33. Nxh4 Rf8 34. f3 Be8 35. Kg3 Ng6 36. Nxg6 Bxg6 37. Bxg6 Kxg6 38. Rf1 Be3 39. f4 a5 40. Rd3 Bc5 41. Rdf3 d4 42. cxd4 Bxd4 43. Rd3 Bc5 44. Rd7 Rf7 45. Rxf7 Kxf7 46. f5 a4 47. Kf4 a3 48. Ke4 b5 49. Kd3 b4 50. Kc4 a2 51. Ra1 b3 52. Kxb3 exf5 53. gxf5 Bd4 54. Rxa2 Bxe5 55. Ra6 Kg7 56. Kc4 h5 57. Rg6+ Kf7 58. Rh6 Bf4 59. Rxh5 Kf6 60. Kd4 Bg5 61. Rxg5 Kxg5 62. Ke5 1-0

[Event "Rheinhausen-ch 13th"]
[Site "Duisburg Rheinhausen"]
[Date "2009.02.13"]
[Round "4"]
[White "Schnelle, Lukas"]
[Black "Vasiljev, Jurij"]
[Result "1-0"]
[WhiteElo "1844"]
[BlackElo "2021"]
[PlyCount "59"]
[EventDate "2009.01.09"]
[EventType "swiss"]
[EventRounds "7"]
[EventCountry "GER"]
[SourceTitle "EXT 2018"]
[Source "ChessBase"]
[SourceDate "2017.10.13"]
[SourceVersion "1"]
[SourceVersionDate "2017.10.13"]
[SourceQuality "1"]

1. e4 c5 2. c3 Nf6 3. e5 Nd5 4. d4 cxd4 5. Qxd4 e6 6. Bc4 Nc6 7. Qe4 f5 8. Qe2 Nb6 9. Bb3 Be7 10. Nf3 0-0 11. h4 h6 12. Bf4 Na5 13. Bc2 Nd5 14. Be3 b5 15. Nbd2 Qc7 16. g4 Bb7 17. g5 Nxe3 18. fxe3 Nc4 19. Nxc4 bxc4 20. Rg1 Bxf3 21. Qxf3 Qxe5 22. 0-0-0 Bc5 23. Kb1 Rab8 24. Ka1 Bxe3 25. Rg2 Kh8 26. a4 Rxb2 27. Kxb2 Rb8+ 28. Ka2 Qxc3 29. Rb1 Rxb1 30. Qa8+ 1-0

[Event "NRW-ch U16"]
[Site "Kranenburg"]
[Date "2008.03.29"]
[Round "7"]
[White "Schnelle, Lukas"]
[Black "Gottkehaskamp, Philipp"]
[Result "0-1"]
[WhiteElo "1758"]
[BlackElo "1704"]
[PlyCount "120"]
[EventDate "2008.03.24"]
[EventType "swiss"]
[EventRounds "7"]
[EventCountry "GER"]
[SourceTitle "EXT 2009"]
[Source "ChessBase"]
[SourceDate "2008.11.26"]
[SourceVersion "1"]
[SourceVersionDate "2008.11.26"]
[SourceQuality "1"]

1. e4 Nf6 2. e5 Nd5 3. d4 d6 4. c4 Nb6 5. Nf3 dxe5 6. Nxe5 N8d7 7. Bf4 Nxe5 8. Bxe5 Bf5 9. Nc3 e6 10. Be2 c6 11. 0-0 Nd7 12. Bg3 Nf6 13. Qb3 Qb6 14. Na4 Qxb3 15. axb3 Rd8 16. Rfd1 Bc2 17. Rd2 Bxb3 18. Nc3 a6 19. f3 Bb4 20. Bc7 Rd7 21. Ba5 Bc5 22. Kf1 Rxd4 23. Ke1 Rxd2 24. Kxd2 Ke7 25. Ne4 Nxe4+ 26. fxe4 b6 27. Kc3 bxa5 28. Rxa5 Be3 29. Kxb3 Rb8+ 30. Kc2 c5 31. Rxa6 Kf6 32. Ra7 Bd4 33. b3 Rb6 34. Bh5 g6 35. Bf3 Rd6 36. Be2 h5 37. Bd3 e5 38. Kd2 Kg7 39. Ke2 Rf6 40. Ke1 Rf2 41. Bf1 Rb2 42. Rb7 Bg1 43. h3 h4 44. Rb5 Bd4 45. Be2 Kh6 46. Bf3 Kg5 47. Rb7 f5 48. Rb6 Rc2 49. Re6 Rc3 50. exf5 gxf5 51. Bd1 Kf4 52. Ke2 Rg3 53. Kf1 e4 54. Rh6 Ke3 55. Rxh4 Kd2 56. Bh5 Rxb3 57. g4 f4 58. Kg2 f3+ 59. Kg3 f2+ 60. Kg2 Ke2 0-1

[Event "NRW-ch U16"]
[Site "Kranenburg"]
[Date "2008.03.28"]
[Round "6"]
[White "Tkachuk, Konstantyn"]
[Black "Schnelle, Lukas"]
[Result "1-0"]
[WhiteElo "2102"]
[BlackElo "1758"]
[PlyCount "57"]
[EventDate "2008.03.24"]
[EventType "swiss"]
[EventRounds "7"]
[EventCountry "GER"]
[SourceTitle "EXT 2009"]
[Source "ChessBase"]
[SourceDate "2008.11.26"]
[SourceVersion "1"]
[SourceVersionDate "2008.11.26"]
[SourceQuality "1"]

1. e4 c6 2. d4 d5 3. e5 c5 4. dxc5 Nc6 5. Bb5 e6 6. Be3 Bd7 7. Bxc6 Bxc6 8. Nf3 Ne7 9. c3 Nf5 10. Bd4 Qc7 11. b4 a5 12. 0-0 Be7 13. Re1 h5 14. a4 g5 15. Re2 g4 16. Ne1 h4 17. b5 Bd7 18. Nd3 g3 19. Nd2 Qd8 20. Nf3 Bg5 21. Rb1 Bh6 22. c6 bxc6 23. b6 Rb8 24. b7 Nxd4 25. cxd4 f5 26. exf6 Qxf6 27. Nc5 Ke7 28. Ne5 gxh2+ 29. Kh1 1-0

[Event "NRW-ch U14"]
[Site "Kranenburg"]
[Date "2007.04.10"]
[Round "2"]
[White "Dreesbach, Tobias"]
[Black "Schnelle, Lukas"]
[Result "1-0"]
[WhiteElo "1408"]
[BlackElo "1472"]
[PlyCount "102"]
[EventDate "2007.04.09"]
[EventType "swiss"]
[EventRounds "7"]
[EventCountry "GER"]
[SourceTitle "EXT 2008"]
[Source "ChessBase"]
[SourceDate "2007.11.25"]
[SourceVersion "1"]
[SourceVersionDate "2007.11.25"]
[SourceQuality "1"]

1. e4 c6 2. d4 d5 3. Nc3 dxe4 4. Nxe4 Bf5 5. Ng3 Bg6 6. Nf3 Nd7 7. Bd3 Bxd3 8. Qxd3 Ngf6 9. 0-0 e6 10. Bg5 Be7 11. Rfe1 Qc7 12. c3 h6 13. Bxf6 Nxf6 14. Ne5 Rd8 15. Qe3 0-0 16. Rad1 Qb6 17. Qe2 c5 18. dxc5 Bxc5 19. Nd3 Be7 20. c4 Rd7 21. b3 Rfd8 22. Ne5 Rxd1 23. Rxd1 Bd6 24. h3 Rc8 25. Nh5 Nxh5 26. Qxh5 Qc7 27. Qxf7+ Qxf7 28. Nxf7 Bc7 29. Nd6 Rd8 30. c5 b6 31. b4 a5 32. a3 Kf8 33. Rd2 axb4 34. axb4 bxc5 35. bxc5 Bxd6 36. cxd6 Kf7 37. Kh2 e5 38. Kg3 Ke6 39. Kg4 g6 40. h4 Kf6 41. d7 h5+ 42. Kf3 Kf5 43. Ke3 e4 44. Rd5+ Ke6 45. Kxe4 Rxd7 46. Rxd7 Kxd7 47. Kf4 Ke6 48. Kg5 Kf7 49. f4 Kg7 50. f5 gxf5 51. Kxf5 Kh6 1-0

[Event "Duisburg Grossenbaum op"]
[Site "Duisburg"]
[Date "2006.07.02"]
[Round "6"]
[White "Schnelle, Lukas"]
[Black "Bolterauer, Klaus"]
[Result "0-1"]
[WhiteElo "1365"]
[BlackElo "1738"]
[PlyCount "62"]
[EventDate "2006.06.02"]
[EventType "swiss"]
[EventRounds "7"]
[EventCountry "GER"]
[SourceTitle "EXT 2007"]
[Source "ChessBase"]
[SourceDate "2006.11.23"]
[SourceVersion "1"]
[SourceVersionDate "2006.11.23"]
[SourceQuality "1"]

1. e4 Nc6 2. d4 e5 3. d5 Nce7 4. Nf3 Ng6 5. Bd3 Bc5 6. c4 Nf6 7. Nc3 a6 8. 0-0 0-0 9. Qe2 d6 10. Be3 Bxe3 11. Qxe3 Nf4 12. Rfe1 Ng4 13. Qd2 f5 14. h3 fxe4 15. Bxe4 Nf6 16. Bb1 N6h5 17. Bc2 Nxh3+ 18. Kf1 N3f4 19. Ne4 Bg4 20. Nfg5 h6 21. Nh7 Qh4 22. Kg1 Nxg2 23. Qd3 Nxe1 24. Rxe1 Bf3 25. Nhf6+ Nxf6 26. Qxf3 Nh7 27. Qg2 Ng5 28. Re2 Rf4 29. Kf1 Raf8 30. Ke1 Nf3+ 31. Kd1 Rg4 0-1

[Event "Rheinhausen-ch 10th"]
[Site "Duisburg Rheinhausen"]
[Date "2006.01.20"]
[Round "2.18"]
[White "Preiss, Wolfgang"]
[Black "Schnelle, Lukas"]
[Result "1/2-1/2"]
[WhiteElo "1608"]
[BlackElo "1192"]
[PlyCount "69"]
[EventDate "2006.01.06"]
[EventType "swiss"]
[EventRounds "7"]
[EventCountry "GER"]
[SourceTitle "EXT 2007"]
[Source "ChessBase"]
[SourceDate "2006.11.23"]
[SourceVersion "1"]
[SourceVersionDate "2006.11.23"]
[SourceQuality "1"]

1. e4 c6 2. d4 d5 3. Nc3 dxe4 4. Nxe4 Bf5 5. Ng3 Bg6 6. Nf3 Nd7 7. Be3 e6 8. Bd3 Bxd3 9. Qxd3 Ngf6 10. 0-0 Bd6 11. Rad1 0-0 12. c4 Rc8 13. Bg5 b6 14. a3 h6 15. Be3 Qe7 16. Rfe1 Rfd8 17. h3 c5 18. Qe2 Rf8 19. dxc5 Bxc5 20. Bxc5 Qxc5 21. Rc1 Qe7 22. b4 a5 23. Qb2 Rb8 24. Rcd1 Rfc8 25. Qb3 a4 26. Qxa4 Rxc4 27. Nf5 Qf8 28. Nd6 Rc7 29. Nb5 Rcc8 30. Nfd4 Ra8 31. Qb3 Nd5 32. Rc1 N7f6 33. Qb2 Qe8 34. Red1 Qe7 35. Nc3 1/2-1/2